000 00757nam a2200253Ia 4500
003 OSt
005 20221005050018.0
006 a|||||r|||| 00| 0
007 ta
008 221004b |||||||| |||| 00| 0 ben d
020 _a8170794838 (hbk)
_c250
024 _a4630
037 _b774, 18/03/2013, Bright Book Service
_cTextual
040 _aCRL
_cCRL
_bben
041 _2ben
_aben
082 _aO157,3NRO,TB, Q1
100 _aRoy Debes
_9176243
245 0 _aTistaparer brittanta
260 _aKolkata
_bSudhangshu Sekhar Dey Dey's Pub India
_c2011
300 _a508p.
_ccm.
650 _aBENGALI LITERATURE
942 _hO157,3NRO,TB, Q1
_cTEXL
_2cc
999 _c956132
_d956132